Caricamento...

Communist revolution : an outline of strategy and tactics /

Dettagli Bibliografici
Autore principale: Fisher, Harold H.
Lingua:Undetermined
Pubblicazione: 1955.
Serie:Hover Institute studies series A: General studies, 2
LEADER 00470nam a2200133Ia 4500
001 102558
008 170722s9999 xx 000 0 und d
100 |a Fisher, Harold H. 
245 |a Communist revolution :  |b  an outline of strategy and tactics / 
260 |c 1955. 
490 |a Hover Institute studies series A: General studies, 2 
942 |c GEN 
999 |c 54536  |d 54536 
952 |0 1  |1 0  |4 0  |6 W_6911_N5_J5  |7 0  |9 77760  |a LIB  |b LIB  |d 2017-08-12  |o W691:1.N5 J5  |p 75156  |r 2017-08-12  |w 2017-08-12  |y GEN